AUTELI - Statistiques

Statistiques générales
  • Ce quiz a été pris 16 fois
    14 depuis la dernière actualisation
  • Le résultat moyen est 12 sur 15
Statistiques - réponses
Réponse % Correct
Raffole des Kinder Bueno parfois même un peu trop Louen
100%
Basque Noemie
100%
Partisan du pastef Ahmadou
75%
Dernier(e) de la classe Alexandra Gourlaouen
75%
Bavarde surexcitée Andelys
75%
Petite puce Bleuenn / Soaz
75%
Alcoolique notoire Emilie / Jules Criaud
75%
Meilleur Grimpeur deMontagne du Salut Gaedor
75%
Gouteur international deKebab Jules Tonnerre
75%
Peste du dernier rang Malaurie
75%
Représentant de la nation Ronan / Jules Criaud
75%
D'une contrée lointaine Tanguy
75%
Sociologue Thomas
75%
Nomade numérique Typhaine / Florence
75%
Enorme chauffarde Amaia / Alexandra Coulon
50%
Aucun quiz correspondant
Distribution des résultats
% des personnes avec chaque résultat
Percentile par nombre de réponses
Votre historique - résultats
Vous n’avez pas pris ce quiz depuis la dernière actualisation